00332nam a2200121Ia 4500008004000000020001800040082001300058100002300071245003400094260005100128300001400179650001700193210210b2001 xxu||||| |||| 00| 0 eng d a0 7637 1067 9 a576 ALCF aALCAMO (Edward I). aFundamentals of microbiology. aLondon.bJones and Bartlett Publishers.,c2001 axxii,I-26 amicrobiology